000 00182nam a2200085 4500
001 1255666
005 20251211105835.0
245 _aNOHUT ADAM
_cANIL BASILI
260 _bTİMAŞ YAYINLARI
999 _c1255666
_d1255666